000
00366 a2200133 4500
000
nam a22 7a 4500
100
_a
संजय ,मनोहर
110
_a
संजय ,मनोहर
245
_a
अंतरराष्ट्रीय कानून
250
_a
latest edition
260
_b
satyam
_c
2025
264
_b
satyam
_c
2025
942
_c
BK
999
_c
395564
_d
395564